| 000 | 00457nam a22001577a 4500 | ||
|---|---|---|---|
| 003 | macl | ||
| 005 | 20200805123504.0 | ||
| 008 | 200805b xxu||||| |||| 00| 0 eng d | ||
| 040 | _cmacl | ||
| 082 | _a741.642 | ||
| 100 |
_aविक्रम, _979254 |
||
| 245 | _aविज्ञान के वरदान | ||
| 260 |
_aदिल्ली _bअक्षरम् _c2018 |
||
| 650 |
_aचिल्ड्रन बुक _9159 |
||
| 942 |
_2ddc _cHIN |
||
| 999 |
_c62839 _d62839 |
||